000 01205cam a22003617a 4500
003 CHAP
005 20220817041738.0
008 971013s1975 r 00010 d
010 _a23168
011 _a24140
035 _a28239
040 _cCHAP
090 _aFolleto 2094 (1975)
110 _aFAO. Comisión del Codex Alimentarius
_939482
245 0 _aNorma internacional recomendada para los camarones en conserva
_b: primera revisión
260 _aRoma :
_bFAO,
_c1975
300 _a15 p.
410 2 _aFAO
490 0 _aPrograma conjunto FAO/OMS sobre normas alimentarias
590 _aBATCH-UPD
_b10
_c20130110
_lUCH01
_h1356
590 _aBATCH-UPD
_b10
_c20130410
_lUCH01
_h0850
590 _aBATCH-UPD
_b10
_c20130914
_lUCH01
_h0820
590 _aCONVERSION
_b10
_c20130109
_lUCH01
_h1314
650 1 4 _aCamarón
_xNormas de calidad.
_917768
710 0 _aFAO.
710 0 _aOrganización Mundial de la Salud.
_983555
810 0 _aFAO
830 0 _aPrograma conjunto FAO/OMS sobre normas alimentarias
_992254
901 _aBK
942 _cFOLL
949 _aFolleto 2094 (1975)
_bBC
_cFAO
_d-65094
_eFAO1
_i28239
_si
949 _aFolleto 2094 (1975)
_bBC
_cFAO
_d-65095
_eFAO2
_fc.2
_i28239
_si
999 _c23168
_d23168